| 000 | 00000nam##2200000za#4500 |
| 001 | 9.571654 |
| 003 | CaOODSP |
| 005 | 20211126112844 |
| 007 | cr ||||||||||| |
| 008 | 150406|1996||||xxc|||||o f|0| 0 eng|d |
| 022 | |a1701-9397 |
| 040 | |aCaOODSP|beng |
| 043 | |an-cn--- |
| 086 | 1 |aFB3-2/96-7E-PDF |
| 110 | 2 |aBank of Canada. |
| 245 | 13|aAn econometric examination of the trend unemployment rate in Canada / |h[electronic resource]|cby Denise Côté and Doug Hostland. |
| 260 | |aOttawa - Ontario : |bBank of Canada |cMay 1996. |
| 300 | |a77p.|bglossary, graphs, tables |
| 490 | 1 |aBank of Canada working paper|x1701-9397|v96-7 |
| 500 | |a"This paper attempts to identify the trend unemployment rate, an empirical concept, using cointegration theory. The authors examine whether there is a cointegrating relationship between the observed unemployment rate and various structural factors, focusing neither on the non-accelerating-inflation rate of unemployment (NAIRU), nor on the natural rate of unemployment, but rather on the trend unemployment rate which they define in terms of cointergration."--Abstract. |
| 500 | |aThe ISBN (0-662-24596-2) and ISSN (1192-5434) for the print edition have been incorrectly copied in this electronic publication. |
| 504 | |aBibliography. |
| 520 | 3 |aThis paper attempts to identify the trend unemployment rate, an empirical concept, using cointegration theory. The authors examine whether there is a cointegrating relationship between the observed unemployment rate and various structural factors, focusing neither on the non-accelerating-inflation rate of unemployment (NAIRU), nor on the natural rate of unemployment, but rather on the trend unemployment rate which they define in terms of cointergration.--Abstract |
| 546 | |aRésumé en français. |
| 590 | |a11-19-Supp|b2011-09-23 |
| 690 | 07|aUnemployment|2gcpds |
| 720 | 1 |aHostland, Doug |
| 720 | 1 |aCôté, Denise |
| 776 | 0#|tAn econometric examination of the trend unemployment rate in Canada / |w(CaOODSP)9.613013 |
| 830 | #0|aWorking paper (Bank of Canada)|x1701-9397|v96-7|w(CaOODSP)9.504604 |
| 856 | 40|ahttp://publications.gc.ca|qPDF|s247 KB|uhttps://publications.gc.ca/collections/Collection/FB3-2-96-7E.pdf|y96-7 |